| 000 | 00554nam a22001817a 4500 | ||
|---|---|---|---|
| 999 |
_c8507 _d8507 |
||
| 008 | 201128b ||||| |||| 00| 0 eng d | ||
| 040 | _aBMS College of Architecture | ||
| 100 | _aSingh, H Rohini | ||
| 245 | _aVarnashram international residential school | ||
| 300 | _aNA | ||
| 500 | _a1BM13AT062 | ||
| 502 |
_8B,Arch _NBMS College of Architecture, Visvesvaraya Technology University (VTU) _aProject report _d2018 |
||
| 650 | _aShool | ||
| 650 | _aResidental | ||
| 700 |
_aShilpa Shirish _eGuide |
||
| 700 |
_aSayee Deodhar _eGuide |
||
| 942 |
_2ddc _cTHE |
||